000
00314nam a2200121 4500
050
_a
hf5415 k87T
082
_a
658.83 k254f
100
_a
Kotler philip
245
_a
Fundamentos de mercadotecnia/Kotler philip
260
_a
Mexico : prentice-hall
300
_a
654p/30cm.
650
_a
1.FUNDAMENTO SDE MERCADOTECNIA
999
_c
25512
_d
25512